„Myslí to vážne, alebo to robí naschvál?!"

Prečo sa nevieme dokomunikovať s niektorými ľuďmi a prečo nás ľudia vytáčajú. Typológia ľudí. Tri rôzne prístupy. Mentálna a emocionálna energia. Vôľová energia.

Guardado en:
Detalles Bibliográficos
Autor principal: Reháková, Helena
Formato: Capítulo de libro
Lenguaje:eslovaco
Materias:
Etiquetas: Agregar Etiqueta
Sin Etiquetas, Sea el primero en etiquetar este registro!

MARC

LEADER 00000naa a2200000 4500
001 0220637
005 20231116122602.6
041 0 |a slo 
044 |a SK 
245 1 0 |a „Myslí to vážne, alebo to robí naschvál?!"  |c Helena Reháková 
520 |a Prečo sa nevieme dokomunikovať s niektorými ľuďmi a prečo nás ľudia vytáčajú. Typológia ľudí. Tri rôzne prístupy. Mentálna a emocionálna energia. Vôľová energia. 
610 2 0 |a inteligencia emocionálna 
610 2 0 |a komunikácia firemná 
610 2 0 |a komunikácia manažérska 
610 2 0 |a komunikácia sociálna 
610 2 0 |a manažment 
100 1 |a Reháková, Helena